000 00500nam a2200157 a 4500
001 000047806
005 20201002060740.0
008 180810s200u dr a 000 0 spa d
040 _aDO-SdBNP
_bspa
_cBNPHU
082 _axxxx
_bxxxx
100 1 _aJoseph Espinosa, Teofilo Ml.
_975394
245 1 0 _aTrayectoria del pensamiento polĂ­tico de Dios /
_cTeofilo Ml. Joseph Espinosa.
260 _aSanto Domingo, :
_b[s.d.],
_c[200-.].
300 _a404 p. :
_bil. ;
_c25 cm.
590 _aInventariado, 2018/ YL
999 _c47294
_d47294